000 00540nam a2200193Ia 4500
005 20260120131818.0
008 008 260114s9999 xx 000 0 eng d
020 _a9780197723289
037 _aEBOOK
040 _aCRL
_beng
_cCRL
041 _aeng
_2eng
084 _qCRL
100 _aDiedrich
_9931489
245 0 _aBlack Imagination and the Middle Passage
260 _bOxford University PressOxford University Press
_c2023
856 _uhttps://academic.oup.com/book/48622
942 _cEBOOK
999 _c1523411
_d1523411